000 01179namaa22003011i 4500
005 20260513103505.0
008 260422s1994 ua a|||frm||| 000 0 eng d
040 _aEG-GICUC
_beng
_cEG-GICUC
_dEG-GICUC
_erda
041 0 _aeng
_beng
_bara
049 _aDeposit
097 _aM.Sc
099 _aCai01.09.09.M.Sc.1994.Ma.C
100 0 _aManal M. Abdel Moneim Gaber,
_epreparation.
245 1 0 _aComparative Study of Two Different Arbitrary Maxillary Face-bow Transfers /
_cBy Manal M. Abdel Moneim Gaber; Supervisors Prof. Dr. Ezzat Sabet, Prof. Dr. Hussein G. El Charkawi
264 0 _c1994.
300 _a94 Leaves :
_billustrations
_c30 cm. +
336 _2rda content
_atext
337 _2rdamedia
_aUnmediated
338 _2rdacarrier
_avolume
502 _aThesis (M.Sc.)-Cairo University, 1994.
504 _aBibliography: pages 88-94
653 0 _aMaxillary Face-bow Transfers
700 0 _aEzzat Sabet
_ethesis advisor.
700 0 _aHussein G. El Charkawi
_ethesis advisor.
900 _DDepartment of Prosthodontics
_FFaculty of Medicine
_UCairo University
_b1994
_cEzzat Sabet
_cHussein G. El Charkawi
905 _aNehad
_eNourhan
942 _2ddc
_cTH
_e21
_n0
999 _c179668